000
00297nam a2200109Ia 4500
008
171211s9999 xx 000 0 und d
245
4
_a
The Mask Handbook: A Practical Guide
245
_c
ToWilsher
260
_c
2006
650
_x
CULTURE
856
_u
http://down.ebook777.com/061/9780415414364.pdf
999
_c
347873
_d
347873